• 首页
  • 本馆介绍
  • 公告通知
  • 最新文献
  • 馆藏检索
  • 电子资源
  • 读者导购
  • 参考咨询
  • 我的图书馆
  • 登录
  • 详细信息显示
  • 放入我的书架
  • 预约/预借图书
  • 作者相关作品
  • 分类相关作品
  • 丛书相关作品
  • 出版社相关作品

书目信息

  • 表格格式
  • 工作单格式
  • 卡片格式
题名:
当代资本主义分配关系研究
    
 
作者: 张泽荣
分册:  
出版信息:   经济科学出版社  
页数: 379
开本: 20cm
丛书名:
单 册:
中图分类: F036
科图分类:
主题词: 资本主义社会--生产方式
电子资源:
ISBN: 7-5058-0653-X
000 00532nam0 2200181 450
001 0760515518
005 20070817164835.51
010    @a7-5058-0653-X@d¥11.50
100    @a20070817d km y0chiy0120 ea
101 0  @achi
200 1  @a当代资本主义分配关系研究@Adang dai zi ben zhu yi fen pei guan xi yan jiu@f张泽荣@Fzhang ze rong
210    @c经济科学出版社
215    @a379@d20cm
606 0  @a资本主义社会@x生产方式
690    @aF036@v3
701  0 @a张泽荣@Azhang ze rong
801  0 @aCN@bPFT@c20070817
905    @a213230@dF036@eg35@f1
    
    当代资本主义分配关系研究/张泽荣.-经济科学出版社
    379;20cm
    
    
    ISBN 7-5058-0653-X:¥11.50
    
●
相关链接 在E读中查询图书 在五车中查询图书 在当当中查询图书 在豆瓣中查询图书


正题名:当代资本主义分配关系研究     索取号:F036/g35         预约/预借

序号 登录号 条形码 馆藏地/架位号 状态 备注
1 6501647   265016476   密集书库-海洋学院/ [索取号:F036/g35] 在馆    
唐山师范学院图书馆 欢迎您!
大连网信软件有限公司© 版权所有